| 000 | 00509nam a22001937a 4500 | ||
|---|---|---|---|
| 003 | IBSLLIB | ||
| 005 | 20260513090607.0 | ||
| 008 | 260513b |||||||| |||| 00| 0 eng d | ||
| 040 |
_aIBSLLIB _beng |
||
| 041 | _hEng | ||
| 082 |
_a158.1 _bSEN |
||
| 100 | _aFranklincovey | ||
| 245 |
_aSense Of Purpose : _bDiscovering your personal mission statement |
||
| 260 |
_aUtah : _bFranklin Covey , _c1999 |
||
| 300 |
_a72 p ; _c24 cm |
||
| 650 | _apsychology | ||
| 650 | _aApplied Psychology | ||
| 942 | _cLBK | ||
| 999 |
_c22127 _d22127 |
||